00627nam a2200181 a 4500001000900000005001700009008004100026041000800067044000700075050002500082100002900107245010000136260004900236300002300285500001100308650006700319650005900386BRL_164920190320211315.0210414s1975----mx-a######---#000-0#spa-#  aspa  amx 4aF1221.O86b.G37 19751 aGarcía Tellez, Alfonso10aHistoria de la curación de Anticuas de San Pablito Pahuatlán, Pue.cAlfonso Garcias Tellez.  aSan Pablito, Pahuatlan, Pueblab[s.n.]c1975  a28 p.bil.c18 cm.  aAu187814aOtomíesxRitos y ceremoniaszSan Pablito (Pahuatlan: Puebla)14aOtomíesxChamanismozSan Pablito (Pahuatlan: Puebla)